Introducción a las ciencias sociales : (Registro nro. 7379)

Detalles MARC
000 -LEADER
fixed length control field 01042nam a2200313 a 4500
001 - CONTROL NUMBER
control field 000027458
003 - CONTROL NUMBER IDENTIFIER
control field DO-SdBNP
005 - DATE AND TIME OF LATEST TRANSACTION
control field 20150601105056.0
007 - PHYSICAL DESCRIPTION FIXED FIELD--GENERAL INFORMATION
fixed length control field 000027458
008 - FIXED-LENGTH DATA ELEMENTS--GENERAL INFORMATION
fixed length control field 150212b xxu||||| |||| 00| 0 eng d
040 ## - CATALOGING SOURCE
Original cataloging agency BPMET
Language of cataloging spa
Transcribing agency BPMET
092 ## - LOCALLY ASSIGNED DEWEY CALL NUMBER (OCLC)
Classification number 301
Item number I61c, 1996
245 00 - TITLE STATEMENT
Title Introducción a las ciencias sociales :
Remainder of title selección de lecturas para el texto básico de la materia /
Statement of responsibility, etc. presentación Rubén Silié ; textos de Maurice Duverger ... [et. al.].
260 ## - PUBLICATION, DISTRIBUTION, ETC. (IMPRINT)
Place of publication, distribution, etc. Santo Domingo :
Name of publisher, distributor, etc. Ediciones del Economato -UASD
Date of publication, distribution, etc. 1996
300 ## - PHYSICAL DESCRIPTION
Extent 133 p. ;
Dimensions 23 cm.
500 ## - GENERAL NOTE
General note A la cabeza del título ICS-011
650 #4 - SUBJECT ADDED ENTRY--TOPICAL TERM
Topical term or geographic name as entry element CIENCIAS SOCIALES
650 #4 - SUBJECT ADDED ENTRY--TOPICAL TERM
Topical term or geographic name as entry element SOCIOLOGÍA
700 12 - ADDED ENTRY--PERSONAL NAME
Personal name Silié, Rubén
700 12 - ADDED ENTRY--PERSONAL NAME
Personal name Duverger, Maurice
700 12 - ADDED ENTRY--PERSONAL NAME
Personal name Castillo Morales, Luis R. del
700 12 - ADDED ENTRY--PERSONAL NAME
Personal name Vallois, H.
700 12 - ADDED ENTRY--PERSONAL NAME
Personal name Hiernaux, Jean
700 12 - ADDED ENTRY--PERSONAL NAME
Personal name Cueva, Agustín
700 12 - ADDED ENTRY--PERSONAL NAME
Personal name Stavenhagen, Rodolfo
930 #1 - EQUIVALENCE OR CROSS-REFERENCE-UNIFORM TITLE HEADING [LOCAL, CANADA]
Language of a work BND01
Medium of performance for music LF1
Field link and sequence number 20110331
Date of a work 01
Name of part/section of a work HD
Miscellaneous information 19288
930 #1 - EQUIVALENCE OR CROSS-REFERENCE-UNIFORM TITLE HEADING [LOCAL, CANADA]
Language of a work BND01
Medium of performance for music LF1
Field link and sequence number 20140407
Date of a work 01
Name of part/section of a work HD
Miscellaneous information 44354
Medium e. 2
942 ## - ADDED ENTRY ELEMENTS (KOHA)
Source of classification or shelving scheme Dewey Decimal Classification
Koha item type Libros
Existencias
Withdrawn status Lost status Source of classification or shelving scheme Damaged status Not for loan Collection code Home library Current library Date acquired Total Checkouts Barcode Date last seen Price effective from Koha item type Copy number
    Dewey Decimal Classification       Biblioteca Pública Metropolitana Salomé Ureña Biblioteca Pública Metropolitana Salomé Ureña 02/12/2015   BPMET15040005 02/12/2015 02/12/2015 Libros  
    Dewey Decimal Classification       Biblioteca Pública Metropolitana Salomé Ureña Biblioteca Pública Metropolitana Salomé Ureña 02/12/2015   BPMET15020004 02/12/2015 02/12/2015 Libros ej. 2